000 00733cam a2200241 a 4500
005 20260322212023.0
008 data
010 _a 2002071529
020 _a0198502672
020 _a9780198502678
040 _aDLC
_cDLC
_dCtY
042 _apcc
050 0 0 _aQP406
_b.D843 2002
099 _aRef 153.1203 D833 2002
100 1 _aDudai, Yadin.
245 1 0 _aMemory from A to Z :
_bkeywords, concepts, and beyond /
_cYadin Dudai.
260 _aNew York :
_aNew York :
_bOxford University Press,
_c2002.
300 _avi, 331 p. :
_bill. ;
_c25 cm.
504 _aIncludes bibliographical references and index.
590 _aIncludes bibliographical references (p. 253-319) and index.
650 0 _aMemory
_vEncyclopedias.
001 data
999 _c531
_d531